Moralidad y conocimiento ético de los valores : una investigación sobre problemas éticos estructurales / Dietrich von Hildebrand ; traducido por Juan Miguel Palacios (Registro nro. 44499)
[ vista simple ]
| 000 -LÍDER | |
|---|---|
| Campo fijo de descripción fija | 011140000a22002410004500 |
| 020 ## - NÚMERO INTERNACIONAL NORMALIZADO PARA LIBROS | |
| Número Internacional Normalizado del libro | 84-7057-516-3 |
| 041 0# - CÓDIGO DE IDIOMA | |
| Código de idioma para texto/pista de sonido o título separado | spa |
| 082 04 - NÚMERO DE CLASIFICACIÓN DECIMAL DEWEY | |
| Número de clasificación | G 170 H6421m |
| 001 - NÚMERO DE CONTROL | |
| Campo de control | 18006 |
| 100 1# - ASIENTO PRINCIPAL--NOMBRE PERSONAL | |
| Nombre personal | Hildebrand, Dietrich von 1889-1977 |
| 245 10 - TÍTULO | |
| Título del Material | Moralidad y conocimiento ético de los valores : una investigación sobre problemas éticos estructurales / Dietrich von Hildebrand ; traducido por Juan Miguel Palacios |
| 260 ## - PUBLICACIÓN, DISTRIBUCIÓN, ETC. (PIE DE IMPRENTA) | |
| Lugar de publicación, distribución, etc. | Madrid : Cristiandad |
| 300 ## - DESCRIPCIÓN FÍSICA | |
| Extensión | 217 p., 21 cm |
| 336 ## - CONTENT TYPE | |
| Content type term | texto |
| Content type code | txt |
| Source | rdacontent |
| 337 ## - MEDIA TYPE | |
| Source | rdamedia |
| Media type term | sin mediación |
| Media type code | n |
| 338 ## - CARRIER TYPE | |
| Source | rdacarrier |
| Carrier type term | volumen |
| Carrier type code | nc |
| 500 ## - NOTA GENERAL | |
| Nota General | Título original en German: Sitilichkeit und ethische werterkenntnis |
| 501 ## - NOTA DE “CON” | |
| Nota de Contenido | rústico |
| 505 00 - NOTA DE CONTENIDO | |
| Nota de contenido con formato preestablecido | introducción al problema -- La ceguera al valor en sus diversas formas fundamentales -- Las diversas clases de profundidad en la persona y la esencia de la actitud fundamental -- Los diferentes centros morales -- La relación entre el ser moral y el captar valores |
| 650 14 - ASIENTO SECUNDARIO DE MATERIA - TERMINO TEMÁTICO | |
| Término temático o nombre geográfico como elemento de entrada | ETICA \ VALORES (FILOSOFIA) \ RELIGION Y MORAL \ TEOLOGIA MORAL |
| 942 ## - TIPO DE MATERIAL (KOHA) | |
| Tipo de Item KOHA | Libros General |
| Estado de Material | Estado de Perdido | Estado de Dañado | No para Préstamo | Colección | Tomo | Biblioteca de Origen | Biblioteca Permanente | Fecha de Adquisición | Total de Préstamos | Signatura Topográfica | Código de Barras | Última vez visto | Ejemplar/Existencia | Fecha de Remplazo | Tipo de Material |
|---|---|---|---|---|---|---|---|---|---|---|---|---|---|---|---|
| Colección General | Biblioteca FUSBC | Biblioteca FUSBC | 31/07/2013 | G 170 H6421m | 17857 | 12/12/2019 | 1 | 26/01/2016 | Libros General |
